[Event "Regionalliga SO 9495"]
[Site "Bayern"]
[Date "1994.??.??"]
[Round "?.7"]
[White "Weinberger, Wolfgang"]
[Black "Vilic, Ibrahim"]
[Result "1-0"]
[WhiteElo "1920"]
[BlackElo "1830"]
[PlyCount "91"]
[EventDate "1994.10.??"]
[EventType "team-tourn"]
[EventRounds "9"]
[EventCountry "GER"]
[SourceTitle "EXT 1999"]
[Source "ChessBase"]
[SourceDate "1998.11.16"]
[SourceVersion "1"]
[SourceVersionDate "1998.11.16"]
[SourceQuality "1"]
[WhiteTeam "Freising SK"]
[BlackTeam "Straubing SC"]
[WhiteTeamCountry "GER"]
[BlackTeamCountry "GER"]

1. d4 e6 2. c4 d5 3. cxd5 exd5 4. Nc3 Nf6 5. Qc2 c6 6. Bg5 Be7 7. e3 0-0 8. Bd3 h6 9. Bh4 Re8 10. Nge2 Bg4 11. f3 Be6 12. 0-0 Nbd7 13. Rae1 Nf8 14. Bf2 Qd7 15. Ng3 Bd6 16. Kh1 Rac8 17. Rd1 Bb8 18. Rfe1 a6 19. Na4 Rcd8 20. Nc5 Qc7 21. Nf1 Re7 22. Bg3 Qc8 23. Bh4 g5 24. Bg3 Rde8 25. Be5 Bxe5 26. dxe5 N6d7 27. f4 Bg4 28. Rd2 Nxc5 29. Qxc5 Ne6 30. Qc2 gxf4 31. h3 Bh5 32. Bf5 fxe3 33. Rxe3 Qc7 34. g4 Bg6 35. Bxg6 fxg6 36. Qxg6+ Ng7 37. Rf2 Re6 38. Rf6 Rxe5 39. Ref3 R5e6 40. Qxh6 Qe5 41. g5 Qe4 42. g6 Rxf6 43. Qh7+ Kf8 44. Qh8+ Ke7 45. Qxg7+ Kd8 46. Qxf6+ 1-0